000 00272nam a22001337a 4500
008 180924b xxu||||| |||| 00| 0 eng d
020 _a9780596001841
041 _aeng
080 _a004
100 _a28
101 _aSHKI
245 _aANT
_cTilly, J
942 _2udc
_cBK
999 _c48382
_d48382